| 000 | 00365nam a2200133Ia 4500 | ||
|---|---|---|---|
| 005 | 20260328104250.0 | ||
| 008 | 260328s9999||||xx |||||||||||||| ||und|| | ||
| 100 | _aGómez Azpeitia, Luis Gabriel | ||
| 245 | 0 |
_aHabitar en el Trópico / _cLuis Gabriel Gómez Azpeitia |
|
| 260 | _bPuerta Abierta | ||
| 300 | _a119 p. | ||
| 650 | _aARQUITECTURA Y CLIMA | ||
| 942 | _cBK | ||
| 999 |
_c10225 _d10225 |
||